| 000 | 00651nam a2200205Ia 4500 | ||
|---|---|---|---|
| 003 | GCL | ||
| 008 | 140319s9999 xx 000 0 ara d | ||
| 040 |
_aGCL / _cGCL |
||
| 082 | 0 | 4 |
_a330.159 _bش ع |
| 100 | 1 | _aشومبير، جوزيف | |
| 245 | 1 | 0 |
_aعشرة من ائمة الاقتصاد (من ماركس الى كينز) / _cشومبير، جوزيف |
| 700 | 1 | _aحسين عمر (ترجمة) | |
| 700 | 1 | _aعبدالعزيز مرعى | |
| 300 | _a275 ص | ||
| 490 |
_aالالف كتاب _v0 |
||
| 650 | 0 | 4 | _aالاقتصاد |
| 650 | 0 | 4 | _aالمذاهب الاقتصادية |
| 650 | 0 | 4 | _aالاقتصاد - تراجم |
| 942 |
_2ddc _cBK |
||
| 999 |
_c43193 _d43193 |
||